000 00651nam a2200241Ia 4500
003 OSt
005 20220918223909.0
006 a|||||r|||| 00| 0
007 ta
008 220917b |||||||| |||| 00| 0 eng d
024 _a225,553
037 _cTextual
040 _aARTS
_cARTS
_beng
041 _2eng
_aeng
082 _aQ6v5.K<-J, P6
100 _aRyrie Alec Ed.
_9146832
245 0 _aPalgrave advances in the European reformations
260 _aNew York
_bPalgrave Macmillan
_c2006
300 _axi, 300p.
_ccm.
650 _aRELIGION
942 _hQ6v5.K<-J, P6
_cTEXL
_2CC
999 _c279692
_d279692